Podnikanie v oblasti školstva.
Zriaďovanie súkromných škôl, súkromných cirkevných škôl, pracovísk praktického vyučovania. Vyhlášky povoľujúce zdriaďovanie škôl. Predpoklady pre získanie dotácií zo štátneho rozpočtu.
Gespeichert in:
| 1. Verfasser: | |
|---|---|
| Format: | Buchkapitel |
| Sprache: | Slowakisch |
| Schlagworte: | |
| Tags: |
Keine Tags, Fügen Sie das erste Tag hinzu!
|
MARC
| LEADER | 00000naa a2200000 4500 | ||
|---|---|---|---|
| 001 | r012691 | ||
| 005 | 20220826093920.4 | ||
| 041 | 0 | |a slo | |
| 044 | |a SK | ||
| 245 | 1 | 0 | |a Podnikanie v oblasti školstva. |c E. Horzinková |
| 520 | |a Zriaďovanie súkromných škôl, súkromných cirkevných škôl, pracovísk praktického vyučovania. Vyhlášky povoľujúce zdriaďovanie škôl. Predpoklady pre získanie dotácií zo štátneho rozpočtu. | ||
| 610 | 2 | 0 | |a školy |
| 610 | 2 | 0 | |a podnikanie súkromné |
| 610 | 2 | 0 | |a vyhlášky |
| 610 | 2 | 0 | |a Slovensko |
| 610 | 2 | 0 | |a dotácie |
| 100 | 1 | |a Horzinková, Eva | |